[Event "Titled Tuesday intern op 14th Sept"]
[Site "Chess.com INT"]
[Date "2021.09.14"]
[Round "2"]
[White "Erdogdu, Mert"]
[Black "Mohandesi, Shahin"]
[Result "1-0"]
[WhiteElo "2396"]
[BlackElo "2051"]
[PlyCount "65"]
[EventDate "2021.09.14"]
[EventType "swiss (blitz)"]
[EventRounds "11"]
[EventCountry "USA"]
[SourceTitle "EXT 2022"]
[Source "ChessBase"]
[SourceDate "2021.10.06"]
[SourceVersion "1"]
[SourceVersionDate "2021.10.06"]
[SourceQuality "1"]

1. e4 c6 2. d4 d5 3. exd5 cxd5 4. c4 Nf6 5. Nc3 Nc6 6. Bg5 g6 7. Bxf6 exf6 8. cxd5 Ne7 9. Bc4 Bh6 10. Nf3 a6 11. a4 Bg4 12. 0-0 0-0 13. h3 Bf5 14. Qb3 Nc8 15. Rfe1 Nd6 16. Bf1 Rc8 17. Rad1 Re8 18. Rxe8+ Qxe8 19. Bd3 Bd7 20. a5 Qd8 21. Qa2 Qc7 22. Ne4 Nxe4 23. Bxe4 Qd6 24. Qb3 Qc7 25. d6 Qxd6 26. Bd5 Be8 27. Re1 Kf8 28. Bxb7 Rb8 29. Qd5 Qxd5 30. Bxd5 Rxb2 31. Bc4 Rb4 32. Bxa6 Ra4 33. Rxe8+ 1-0

[Event "Titled Tuesday intern op 14th Sept"]
[Site "Chess.com INT"]
[Date "2021.09.14"]
[Round "7"]
[White "Mohandesi, Shahin"]
[Black "Van der Werf, Mark"]
[Result "0-1"]
[WhiteElo "2051"]
[BlackElo "2393"]
[PlyCount "72"]
[EventDate "2021.09.14"]
[EventType "swiss (blitz)"]
[EventRounds "11"]
[EventCountry "USA"]
[SourceTitle "EXT 2022"]
[Source "ChessBase"]
[SourceDate "2021.10.06"]
[SourceVersion "1"]
[SourceVersionDate "2021.10.06"]
[SourceQuality "1"]

1. Nf3 d5 2. c4 e6 3. g3 c6 4. b3 a5 5. Bg2 b5 6. cxd5 cxd5 7. 0-0 Nf6 8. Bb2 Be7 9. d3 0-0 10. Nbd2 Ba6 11. Rc1 Nbd7 12. Nd4 Bd6 13. Nc6 Qb6 14. e4 Bb7 15. Nd4 Bc5 16. Nc2 dxe4 17. d4 Be7 18. Qe2 a4 19. Nxe4 Nxe4 20. Bxe4 axb3 21. axb3 Nf6 22. Bd3 Ra2 23. Rb1 Qc6 24. f3 Qd5 25. Bc3 Rc8 26. Ne3 Rxe2 27. Nxd5 Nxd5 28. Bxe2 Nxc3 29. Rb2 Nxe2+ 30. Rxe2 b4 31. Rd1 Bd5 32. Re3 Bf6 33. f4 Rc3 34. Rxc3 bxc3 35. Kf1 c2 36. Ra1 h5 0-1

[Event "Titled Tuesday intern op 14th Sept"]
[Site "Chess.com INT"]
[Date "2021.09.14"]
[Round "9"]
[White "Sadovsky, Artem"]
[Black "Mohandesi, Shahin"]
[Result "0-1"]
[WhiteElo "2316"]
[BlackElo "2051"]
[PlyCount "42"]
[EventDate "2021.09.14"]
[EventType "swiss (blitz)"]
[EventRounds "11"]
[EventCountry "USA"]
[SourceTitle "EXT 2022"]
[Source "ChessBase"]
[SourceDate "2021.10.06"]
[SourceVersion "1"]
[SourceVersionDate "2021.10.06"]
[SourceQuality "1"]

1. Nf3 Nf6 2. g3 b6 3. Bg2 Bb7 4. 0-0 e6 5. b3 Be7 6. Bb2 0-0 7. c4 c5 8. d3 d5 9. Nbd2 d4 10. b4 cxb4 11. Nxd4 Bxg2 12. Kxg2 Qc7 13. N2f3 Nc6 14. Nxc6 Qxc6 15. a3 b5 16. cxb5 Qxb5 17. axb4 Qxb4 18. Qa4 Qxb2 19. Rfb1 Qxe2 20. Rd1 Nd5 21. Rd2 Ne3+ 0-1

[Event "Titled Tuesday intern op 10th Aug"]
[Site "Chess.com INT"]
[Date "2021.08.10"]
[Round "4"]
[White "Mohandesi, Shahin"]
[Black "Rustemov, Alexander"]
[Result "0-1"]
[WhiteElo "2051"]
[BlackElo "2525"]
[PlyCount "46"]
[EventDate "2021.08.10"]
[EventType "swiss (blitz)"]
[EventRounds "11"]
[EventCountry "USA"]
[SourceTitle "CBM 203 Extra"]
[Source "ChessBase"]
[SourceDate "2021.09.30"]
[SourceVersion "1"]
[SourceVersionDate "2021.09.30"]
[SourceQuality "1"]

1. Nf3 d5 2. c4 c6 3. g3 Nf6 4. Bg2 Bf5 5. cxd5 cxd5 6. Qb3 Nc6 7. Qxb7 Bd7 8. Qb3 e5 9. d3 Rb8 10. Qd1 Bc5 11. 0-0 Qe7 12. e4 dxe4 13. dxe4 Nxe4 14. Nc3 Nxc3 15. bxc3 0-0 16. Re1 f6 17. Be3 Bxe3 18. Rxe3 Be6 19. Qa4 Qc5 20. Ree1 Rfc8 21. Nd2 Qxc3 22. Ne4 Qd4 23. Qa6 Bc4 0-1

[Event "Titled Tuesday intern op 10th Aug"]
[Site "Chess.com INT"]
[Date "2021.08.10"]
[Round "3"]
[White "Wagner, Dennis"]
[Black "Mohandesi, Shahin"]
[Result "1-0"]
[WhiteElo "2572"]
[BlackElo "2051"]
[PlyCount "69"]
[EventDate "2021.08.10"]
[EventType "swiss (blitz)"]
[EventRounds "11"]
[EventCountry "USA"]
[SourceTitle "CBM 203 Extra"]
[Source "ChessBase"]
[SourceDate "2021.09.30"]
[SourceVersion "1"]
[SourceVersionDate "2021.09.30"]
[SourceQuality "1"]

1. e4 c6 2. d4 d5 3. e5 c5 4. dxc5 e6 5. Nf3 Bxc5 6. a3 Ne7 7. b4 Bb6 8. Bb2 0-0 9. Nbd2 Ng6 10. h4 Nc6 11. h5 Nge7 12. h6 g6 13. Bd3 Bd7 14. c4 Bc7 15. Qe2 Qb8 16. Kf1 d4 17. Re1 Nf5 18. g4 Nfe7 19. Bxd4 Nxd4 20. Nxd4 Rd8 21. f4 Be8 22. N4f3 a5 23. b5 Bb6 24. Ne4 Qc7 25. Nfg5 Bc5 26. Nf6+ Kh8 27. f5 exf5 28. gxf5 Rxd3 29. fxg6 fxg6 30. Qxd3 Nf5 31. Ne6 Qe7 32. Nxc5 Qxc5 33. Rg1 Qe7 34. Qxf5 gxf5 35. Rg8# 1-0

[Event "Titled Tuesday intern op 27th July"]
[Site "Chess.com INT"]
[Date "2021.07.27"]
[Round "5"]
[White "Mohandesi, Shahin"]
[Black "Miranda, Rafael"]
[Result "1/2-1/2"]
[WhiteElo "2051"]
[BlackElo "2284"]
[PlyCount "250"]
[EventDate "2021.07.27"]
[EventType "swiss (blitz)"]
[EventRounds "11"]
[EventCountry "USA"]
[SourceTitle "CBM 203 Extra"]
[Source "ChessBase"]
[SourceDate "2021.09.30"]
[SourceVersion "1"]
[SourceVersionDate "2021.09.30"]
[SourceQuality "1"]

1. d4 Nf6 2. c4 g6 3. Nf3 d5 4. cxd5 Nxd5 5. Nc3 Nxc3 6. bxc3 Bg7 7. e4 c5 8. Be3 0-0 9. Be2 cxd4 10. cxd4 Nc6 11. 0-0 Bg4 12. d5 Bxf3 13. Bxf3 Na5 14. Rc1 Qd7 15. Qd2 b6 16. Be2 Rac8 17. Ba6 Rxc1 18. Rxc1 e6 19. d6 Rd8 20. Rc7 Qa4 21. d7 Bf6 22. Rc8 Nc6 23. Rxd8+ Bxd8 24. Be2 Ne5 25. Qd6 Nxd7 26. Bh6 Bf6 27. h4 Bg7 28. Bg5 Bf8 29. Qd2 Nc5 30. Bf3 Nxe4 31. Qf4 Nc3 32. Qf6 Nxa2 33. Bf4 Be7 34. Qe5 Qe8 35. Bh6 Bf8 36. Be3 Bg7 37. Qc7 Nb4 38. Qxa7 Nd5 39. Bxd5 exd5 40. Qxb6 h5 41. Qd6 Qe4 42. Qd8+ Kh7 43. g3 d4 44. Bf4 d3 45. Kh2 Qe2 46. Be3 Bh6 47. Qe7 Kg8 48. Qe8+ Bf8 49. Qd7 Bg7 50. Qd8+ Kh7 51. Qd7 Qf1 52. Qxf7 d2 53. Bxd2 Qd3 54. Be3 Qf5 55. Qxf5 gxf5 56. Kg2 Kg6 57. Kf3 Bf6 58. Bf4 Bg7 59. Be3 Bc3 60. Bd2 Bb2 61. Ke2 Bf6 62. Be3 Be7 63. Kd3 Bd8 64. Bd4 Be7 65. Kc4 Bd6 66. Kd5 Ba3 67. Ke6 Bb4 68. Be3 Be1 69. Ke5 Bb4 70. Kf4 Be1 71. Kf3 Bb4 72. Ke2 Bd6 73. Kd3 Bf8 74. Bd2 Bc5 75. f3 Bf2 76. Bf4 Be1 77. Kc4 Bf2 78. Kd5 Be1 79. Ke6 Bf2 80. Be5 Be1 81. Kd5 Bf2 82. Kc4 Be1 83. Kd3 Bf2 84. Ke2 Bb6 85. Bc3 Bc5 86. Be1 Bb6 87. Bf2 Bc7 88. Kf1 Bd6 89. Kg2 Be5 90. Be3 Bd6 91. Kf2 Be5 92. Bf4 Bd4+ 93. Ke2 Bc5 94. Kd3 Bf2 95. Kc4 Be1 96. Kd5 Bf2 97. Ke6 Be1 98. Be5 Bf2 99. Kd7 Be1 100. Kc6 Bf2 101. Kb5 Be1 102. Kc4 Bf2 103. Kd3 Be1 104. Bf4 Bf2 105. Ke2 Bb6 106. Bd2 Bc7 107. Bf4 Bb6 108. Kf1 Bc5 109. Kg2 Bb6 110. Kh3 Bc5 111. g4 fxg4+ 112. fxg4 hxg4+ 113. Kxg4 Be7 114. h5+ Kh7 115. Kf5 Bb4 116. Bg5 Bc3 117. Bf4 Bb4 118. Ke4 Bc3 119. Kd3 Bf6 120. Kc2 Be7 121. Kb1 Bf6 122. Ka2 Be5 123. Kb3 Bxf4 124. Kc4 Kh6 125. Kb3 Kxh5 1/2-1/2

[Event "Titled Tuesday intern op 27th July"]
[Site "Chess.com INT"]
[Date "2021.07.27"]
[Round "7"]
[White "Mohandesi, Shahin"]
[Black "Trent, Lawrence"]
[Result "0-1"]
[WhiteElo "2051"]
[BlackElo "2399"]
[PlyCount "44"]
[EventDate "2021.07.27"]
[EventType "swiss (blitz)"]
[EventRounds "11"]
[EventCountry "USA"]
[SourceTitle "CBM 203 Extra"]
[Source "ChessBase"]
[SourceDate "2021.09.30"]
[SourceVersion "1"]
[SourceVersionDate "2021.09.30"]
[SourceQuality "1"]

1. Nf3 Nc6 2. c4 e5 3. d3 f5 4. Nc3 Nf6 5. g3 Bb4 6. Bd2 0-0 7. Bg2 d6 8. a3 Bxc3 9. Bxc3 Qe8 10. e3 f4 11. Qd2 fxe3 12. fxe3 e4 13. Nd4 Ne5 14. dxe4 Nxc4 15. Qd3 Ne5 16. Qc2 Nfg4 17. Bd2 Rf2 18. Bf1 c5 19. h3 cxd4 20. exd4 Nf3+ 21. Kd1 Rxd2+ 22. Qxd2 Nxd2 0-1

[Event "Titled Tuesday intern op 27th July"]
[Site "Chess.com INT"]
[Date "2021.07.27"]
[Round "3"]
[White "Schut, Han"]
[Black "Mohandesi, Shahin"]
[Result "0-1"]
[WhiteElo "2101"]
[BlackElo "2051"]
[PlyCount "64"]
[EventDate "2021.07.27"]
[EventType "swiss (blitz)"]
[EventRounds "11"]
[EventCountry "USA"]
[SourceTitle "CBM 203 Extra"]
[Source "ChessBase"]
[SourceDate "2021.09.30"]
[SourceVersion "1"]
[SourceVersionDate "2021.09.30"]
[SourceQuality "1"]

1. e4 c6 2. d4 d5 3. e5 c5 4. dxc5 e6 5. a3 Bxc5 6. b4 Be7 7. Bb2 Nd7 8. Nf3 a5 9. b5 Nh6 10. Bd3 0-0 11. 0-0 Nc5 12. a4 Bd7 13. Nbd2 Rc8 14. Re1 Nxd3 15. cxd3 Nf5 16. Nf1 Bb4 17. Re2 Qe7 18. Ng3 Nxg3 19. hxg3 Rc7 20. Rc1 Rfc8 21. Rxc7 Rxc7 22. Rc2 Be8 23. Qc1 Rc5 24. Bd4 Rxc2 25. Qxc2 h6 26. g4 Kh7 27. g3 Qd7 28. Kg2 Qe7 29. Be3 f6 30. d4+ Bg6 31. Qc8 Be4 32. Qc2 Bxc2 0-1

[Event "Khomeyn Aftab Cup op 1st"]
[Site "Khomeyn"]
[Date "2017.09.01"]
[Round "6"]
[White "Mohandesi, Shahin"]
[Black "Firouzja, Alireza"]
[Result "0-1"]
[WhiteElo "2180"]
[BlackElo "2517"]
[PlyCount "110"]
[EventDate "2017.08.29"]
[EventType "swiss"]
[EventRounds "9"]
[EventCountry "IRI"]
[SourceTitle "CBM 180 Extra"]
[Source "ChessBase"]
[SourceDate "2017.10.06"]
[SourceVersion "1"]
[SourceVersionDate "2017.10.06"]
[SourceQuality "1"]

1. c4 e5 2. Nc3 Nf6 3. Nf3 Nc6 4. e3 Bb4 5. Qc2 0-0 6. Nd5 Re8 7. Bd3 g6 8. 0-0 Bf8 9. Nxf6+ Qxf6 10. a3 a5 11. Be4 a4 12. d3 d6 13. Bd2 Bg7 14. Bc3 Qd8 15. Rfb1 Ne7 16. Nd2 d5 17. cxd5 Nxd5 18. Bxd5 Qxd5 19. e4 Qc5 20. Nc4 Be6 21. Qe2 Rad8 22. Rd1 Rd7 23. Bb4 Qb5 24. Rac1 Red8 25. h3 h5 26. Qc2 Bh6 27. Bd2 Bxd2 28. Rxd2 c6 29. Qc3 Rd4 30. Rcc2 f6 31. Kf1 Qa6 32. Ke2 c5 33. f3 h4 34. Ke1 b6 35. Ke2 Kg7 36. Ke1 R8d7 37. Ke2 Rc7 38. Kf2 b5 39. Ne3 Rc8 40. Re2 Qb6 41. Kf1 Qd8 42. Qe1 Rxd3 43. Rc1 Qd4 44. Rc3 Rxc3 45. bxc3 Qd3 46. Qd2 Rd8 47. Qc1 Bc4 48. Nxc4 Qxc4 49. Kf2 b4 50. Rc2 b3 51. Rd2 Rxd2+ 52. Qxd2 Qb5 53. Qb2 Qd3 54. Ke1 Kf7 55. Qd2 Qxd2+ 0-1

[Event "Khomeyn Aftab Cup op 1st"]
[Site "Khomeyn"]
[Date "2017.08.31"]
[Round "5"]
[White "Mohandesi, Shahin"]
[Black "Mousavi, Seyed Khalil"]
[Result "0-1"]
[WhiteElo "2180"]
[BlackElo "2436"]
[PlyCount "72"]
[EventDate "2017.08.29"]
[EventType "swiss"]
[EventRounds "9"]
[EventCountry "IRI"]
[SourceTitle "CBM 180 Extra"]
[Source "ChessBase"]
[SourceDate "2017.10.06"]
[SourceVersion "1"]
[SourceVersionDate "2017.10.06"]
[SourceQuality "1"]

1. c4 c5 2. g3 Nc6 3. Bg2 g6 4. Nc3 Bg7 5. e3 Nh6 6. Nge2 Nf5 7. d3 a6 8. a3 Rb8 9. Rb1 h5 10. h3 b5 11. cxb5 axb5 12. b4 cxb4 13. axb4 e6 14. 0-0 0-0 15. Ne4 Qe7 16. Qb3 Bb7 17. Bb2 Ne5 18. f4 Bd5 19. Nf6+ Bxf6 20. Bxd5 exd5 21. fxe5 Bxe5 22. Rxf5 gxf5 23. Kf2 Rfe8 24. Bxe5 Qxe5 25. d4 Qe4 26. Rc1 Rbc8 27. Rc5 Rxc5 28. bxc5 h4 29. gxh4 Qxh4+ 30. Kg2 Qe1 31. Qxb5 Rxe3 32. Qb8+ Kh7 33. Ng3 Qd2+ 34. Kg1 Re1+ 35. Nf1 Qxd4+ 36. Kg2 Re2+ 0-1

[Event "Asia-ch Seniors 50"]
[Site "Mandalay"]
[Date "2016.10.31"]
[Round "5"]
[White "Lodhi, Mahmood"]
[Black "Mohandesi, Shahin"]
[Result "1/2-1/2"]
[WhiteElo "2340"]
[BlackElo "2199"]
[PlyCount "114"]
[EventDate "2016.10.26"]
[EventType "swiss"]
[EventRounds "9"]
[EventCountry "MYA"]
[SourceTitle "CBM 175 Extra"]
[Source "ChessBase"]
[SourceDate "2016.12.12"]
[SourceVersion "1"]
[SourceVersionDate "2016.12.12"]
[SourceQuality "1"]

1. d4 d5 2. Nf3 Nf6 3. g3 c6 4. Bg2 Bf5 5. 0-0 e6 6. c4 Be7 7. b3 Nbd7 8. Bb2 0-0 9. Nc3 Ne4 10. Nd2 Nxc3 11. Bxc3 Nf6 12. b4 b5 13. c5 a6 14. f3 Qc7 15. e4 Bg6 16. a4 h5 17. Qe2 h4 18. g4 dxe4 19. fxe4 Rad8 20. axb5 axb5 21. Nb3 Ra8 22. Na5 Rfd8 23. Kh1 Rac8 24. h3 e5 25. dxe5 Nd7 26. Qb2 Nf8 27. Rad1 Rxd1 28. Rxd1 Ne6 29. Qf2 Ng5 30. Qe3 Ne6 31. Rd6 Bxd6 32. exd6 Qd7 33. e5 Nd8 34. Be1 Qe6 35. Bxh4 f6 36. Bg3 Be8 37. Qc3 Nf7 38. exf6 gxf6 39. Kh2 Bd7 40. Qc2 Kg7 41. Qe4 Qa2 42. Qe7 Be6 43. g5 fxg5 44. Be5+ Kg8 45. Qf6 Nxe5 46. Qxe5 Bd5 47. Qxg5+ Kh7 48. d7 Rf8 49. d8Q Rxd8 50. Nxc6 Bxg2 51. Qf5+ Kh6 52. Qf4+ Kh7 53. Qf5+ Kh6 54. Qf6+ Kh7 55. Nxd8 Bd5+ 56. Kg3 Qg2+ 57. Kh4 Qe4+ 1/2-1/2

[Event "Arak op 15th"]
[Site "Arak"]
[Date "2016.08.17"]
[Round "10"]
[White "Esmaeilnejad, Mohammad Amin"]
[Black "Mohandesi, Shahin"]
[Result "0-1"]
[WhiteElo "2010"]
[BlackElo "2147"]
[PlyCount "82"]
[EventDate "2016.08.11"]
[EventType "swiss"]
[EventRounds "11"]
[EventCountry "IRI"]
[SourceTitle "CBM 173 Extra"]
[Source "ChessBase"]
[SourceDate "2016.08.29"]
[SourceVersion "1"]
[SourceVersionDate "2016.08.29"]
[SourceQuality "1"]

1. d4 Nf6 2. Nf3 d5 3. e3 g6 4. Nbd2 Bg7 5. Bd3 Bf5 6. Nf1 Bxd3 7. Qxd3 Qd6 8. Ng3 Qa6 9. Qb3 Nbd7 10. Bd2 0-0 11. Qd3 Qxd3 12. cxd3 c5 13. dxc5 Nxc5 14. Ke2 Nfd7 15. d4 Ne6 16. Bb4 Rfc8 17. Rac1 Kf8 18. b3 Nd8 19. Rhd1 Nc6 20. Ba3 a5 21. Ne5 Ndxe5 22. dxe5 a4 23. Bb2 axb3 24. axb3 Ra2 25. Rd2 Rca8 26. f4 Na5 27. Rc7 Ke8 28. Rdc2 Kd8 29. R7c5 e6 30. Rb5 Bf8 31. Rd2 Kc7 32. Rc2+ Nc6 33. Kd1 Ba3 34. Bxa3 R8xa3 35. Ne2 Rxc2 36. Kxc2 Ra2+ 37. Kd3 b6 38. g4 Kb7 39. h3 Ka6 40. Nc3 Rh2 41. f5 Nxe5+ 0-1

[Event "Asia-ch Seniors 50"]
[Site "Larestan"]
[Date "2015.09.29"]
[Round "7"]
[White "Mohandesi, Shahin"]
[Black "Ghobadibigvand, Ali"]
[Result "1/2-1/2"]
[WhiteElo "2204"]
[BlackElo "1943"]
[PlyCount "93"]
[EventDate "2015.09.25"]
[EventType "swiss"]
[EventRounds "9"]
[EventCountry "IRI"]
[SourceTitle "EXT 2017"]
[Source "ChessBase"]
[SourceDate "2016.10.25"]
[SourceVersion "1"]
[SourceVersionDate "2016.10.25"]
[SourceQuality "1"]

1. c4 c6 2. e4 d5 3. exd5 cxd5 4. cxd5 Qxd5 5. Nc3 Qa5 6. d4 e6 7. Nf3 Nc6 8. Bd3 Nf6 9. 0-0 Bd6 10. Bg5 Nxd4 11. Bxf6 Nxf3+ 12. Qxf3 gxf6 13. Qxf6 Qe5 14. Bb5+ Kf8 15. Qh6+ Qg7 16. Qd2 Qe5 17. g3 Be7 18. Rfe1 Qg5 19. Qe2 a6 20. h4 Qg7 21. Bc4 Bxh4 22. Qf3 Rg8 23. Re4 Be7 24. Bxe6 Qf6 25. Qxf6 Bxf6 26. Bxc8 Rxc8 27. Nd5 Bxb2 28. Rb1 Rc1+ 29. Rxc1 Bxc1 30. Rc4 Rg5 31. Nf6 Rf5 32. Rc8+ Ke7 33. Ng8+ Kd6 34. Rxc1 h5 35. Kf1 Rg5 36. Nf6 Re5 37. f3 b6 38. Kf2 Ra5 39. Rc2 Rb5 40. Ke3 Ke6 41. Ne4 f5 42. Nc3 Rc5 43. Kd4 f4 44. gxf4 Kf5 45. Rb2 Kxf4 46. Rxb6 Ra5 47. Kc4 1/2-1/2

[Event "Abrisham op"]
[Site "Sowmeeh Sara"]
[Date "2015.05.08"]
[Round "1"]
[White "Mohandesi, Shahin"]
[Black "Shahinyan, David"]
[Result "0-1"]
[WhiteElo "2191"]
[BlackElo "2436"]
[PlyCount "79"]
[EventDate "2015.05.08"]
[EventType "swiss"]
[EventRounds "9"]
[EventCountry "IRI"]
[SourceTitle "CBM 166 Extra"]
[Source "ChessBase"]
[SourceDate "2015.06.18"]
[SourceVersion "1"]
[SourceVersionDate "2015.06.18"]
[SourceQuality "1"]

1. Nf3 e6 2. g3 f5 3. Bg2 Nf6 4. 0-0 d5 5. d3 Bc5 6. Nbd2 0-0 7. a3 a5 8. b3 e5 9. Bb2 e4 10. Ne5 Nbd7 11. e3 Nxe5 12. Bxe5 Qe7 13. Bb2 c6 14. Qe2 Be6 15. c3 Bf7 16. Rfe1 Bh5 17. Qf1 Bd6 18. b4 Ng4 19. d4 g5 20. c4 axb4 21. c5 Bb8 22. axb4 Rxa1 23. Bxa1 f4 24. exf4 gxf4 25. Nxe4 dxe4 26. Bxe4 Qf7 27. Qg2 f3 28. Qh3 Re8 29. Bc3 Nf6 30. Bf5 Rxe1+ 31. Bxe1 Qe7 32. Bd2 Qe2 33. Bg5 Bg4 34. Bxg4 Nxg4 35. Qf1 Qxf1+ 36. Kxf1 Nxh2+ 37. Ke1 Kf7 38. Kd2 Bxg3 39. Ke1 Bb8 40. Kd2 0-1